000 00552nam a2200193Ia 4500
005 20250508161643.0
008 008 250505s9999 xx 000 0 eng d
037 _aTextual
040 _aFEDL
_beng
_cFEDL
041 _aeng
_2eng
084 _a510, OWE
_qFEDL
100 _aOwen Guillermo
_9314600
245 0 _aFinite mathematics
260 _aPhiladelphia
_bW B Saunders Company
_c1970
300 _axi,440p.
490 _aMathematics for the social and management science
942 _cTEXL
_h510, OWE
999 _c1371355
_d1371355